AGRARIAN REFORM AND COUNTER-REFORM IN CHILE /

I tiakina i:
Ngā taipitopito rārangi puna kōrero
Kaituhi matua: Collins, Joseph (autor)
Hōputu: Pukapuka
Ngā marau:
Ngā Tūtohu: Tāpirihia he Tūtohu
Kāore He Tūtohu, Me noho koe te mea tuatahi ki te tūtohu i tēnei pūkete!

MARC

LEADER 00000nam^a2200000^a^4500
001 000241363
005 20250521000000.0
009 20260310105212.513
035 |a 064299 
037 |a Acervo Xavier Clavigero 
082 |a 333. 31  |b COL 
100 |a Collins, Joseph  |e (autor) 
245 1 0 |a AGRARIAN REFORM AND COUNTER-REFORM IN CHILE /  |c JOSEPH COLLINS 
264 |a SAN FRANCISCO CALIFORNIA :  |b INSTITUTE FOR FOOD AND DEVELOPMENT POLICY,  |c 1979 
300 |a 20 p. 
336 |a texto  |b txt  |2 rdacontenido 
337 |a sin mediación  |b n  |2 rdamedio 
338 |a volumen  |b nc  |2 rdasoporte 
649 |a XX 
650 |a REFORMA AGRARIA -  |x CHILE 
910 |a Fondo General 
920 |a Impresos - Libros 
930 |a Colección General 
905 |a 101 
901 |a 064299  |b IT1  |c ACC  |i 064299  |u 20250521 
902 |a https://opac.biblio.iteso.mx/vufind/Record/000241363